Top 10 Dangerous Animals - Statistics

General Stats
  • This quiz has been taken 59 times
  • The average score is 3 of 10
Answer Stats
Deaths per year Animals (or mammals) % Correct
25,000 per year Dogs
56%
50,000 per year Snakes
56%
475,000 per year Humans
42%
725,000 per year Mosquitoes
42%
500 per year Hippopotamus
33%
100 per year Elephants
28%
1,000 per year Crocodiles
23%
2,000 per year Tapeworms
14%
10,000 per year each Tsetse flies/assassin bugs/freshwater snails
7%
2,500 per year Roundworms
2%
No matching quizzes found
Score Distribution
Percent of People with Each Score
Percentile by Number Answered
Your Score History
You have not taken this quiz